Beste Influencer Deutschlands - Statistiken

Allgemein
  • Dieses Quiz wurde 750 mal gespielt
    724 seit der letzten Aktualisierung
  • Das Durchschnittsergebnis liegt bei 7 aus 11
Antwortstatistiken
Name Antwort % Korrekt
Kevin Papaplatte
88%
Antonia Reved
84%
Marcel MontanaBlack
82%
Bastian BastiGHG
78%
Elias EliasN97
77%
Rohat Rohat
75%
Sebastian Rewi
66%
Maximilian Trymacs
65%
Patrick Paluten
58%
Manuel GermanLetsPlay
46%
Rafael Veni
7%
Keine übereinstimmenden Quizze gefunden
Verteilung der Resultate
Anzahl Personen mit jedem Resultat
Perzentil nach korrekt beantworteten Fragen
Ihre Resultats-Entwicklung
Sie haben dieses Quiz seit der letzten Aktualisierung nicht gespielt